Logos de marcas Colombianas - Estadísticas

Estadísticas generales
  • Esta prueba ha sido intentada 228 veces
  • La puntuación promedio es 12 de 17
Estadísticas de respuestas
Imagen Respuesta % Correcto
Totto
95%
Alpina
94%
Frutiño
93%
KOAJ
91%
SENA
90%
Colombina
89%
Alkosto
85%
Banco caja social
82%
Kalley
82%
Señal Colombia
80%
Golty
64%
Mario Hernández
56%
Imusa
54%
Caracol televisión
53%
Hipinto
38%
Costeñita
23%
Alkomprar
2%
No se encontraron pruebas coincidentes
Distribución de puntuación
Porcentaje de gente con cada puntuación
Porcentaje por número respondido
Historial de tus puntuaciones
No has intentado esta prueba.